Nghề dệt cổ truyền của người Mường
Sách gồm năm chương. Chương 1: Nghề dệt trong xã hội Mường cổ truyền. Chương 2: Nguyên liệu nghề dệt và công đoạn nhuộm. Chương 3: Khung dệt, kỹ thuật dệt cổ truyền Mường. Chương 4: Các loại sản phẩm của nghề dệt cổ truyền Mường,...
Enregistré dans:
| Auteur principal: | |
|---|---|
| Format: | Livre |
| Langue: | Undetermined |
| Publié: |
Hà Nội
Khoa học - Xã hội
2015
|
| Sujets: | |
| Tags: |
Ajouter un tag
Pas de tags, Soyez le premier à ajouter un tag!
|
| Thư viện lưu trữ: | Trung tâm Học liệu Trường Đại học Cần Thơ |
|---|
| LEADER | 01357nam a2200205Ia 4500 | ||
|---|---|---|---|
| 001 | CTU_209756 | ||
| 008 | 210402s9999 xx 000 0 und d | ||
| 082 | |a 746.14 | ||
| 082 | |b V431 | ||
| 100 | |a Bùi, Huy Vọng | ||
| 245 | 0 | |a Nghề dệt cổ truyền của người Mường | |
| 245 | 0 | |c Bùi Huy Vọng | |
| 260 | |a Hà Nội | ||
| 260 | |b Khoa học - Xã hội | ||
| 260 | |c 2015 | ||
| 520 | |a Sách gồm năm chương. Chương 1: Nghề dệt trong xã hội Mường cổ truyền. Chương 2: Nguyên liệu nghề dệt và công đoạn nhuộm. Chương 3: Khung dệt, kỹ thuật dệt cổ truyền Mường. Chương 4: Các loại sản phẩm của nghề dệt cổ truyền Mường, sơ bộ nhìn nhận từ giá trị sử dụng và góc nhìn biểu tượng văn hóa. Chương 5: Một số nghi lễ, phong tục tín ngưỡng có liên quan đến nghề dệt, đôi điều kiến nghị về công tác bảo tồn, phát huy nghề dệt cổ truyền Mường. | ||
| 650 | |a Textile crafts,Nghề dệt thủ công | ||
| 650 | |z Vietnam,Việt Nam | ||
| 904 | |i Châu Thiên Phúc,Hải | ||
| 980 | |a Trung tâm Học liệu Trường Đại học Cần Thơ | ||